La universidad católica hoy. A los 25 años de la Ex Corde Ecclesiae.
Сохранить в:
| Соавтор: | |
|---|---|
| Формат: | |
| Язык: | английский |
| Опубликовано: |
Bogotá, D.C., Colombia:
Departamento de Cultura y Educación; Consejo Episcopal Latinoamericano (CELAM),
2014.
|
| Серии: | Colección Documentos CELAM,
|
| Предметы: | |
| Метки: |
Добавить метку
Нет меток, Требуется 1-ая метка записи!
|
MARC
| LEADER | 00000nam a22000007a 4500 | ||
|---|---|---|---|
| 003 | CL-VaPUC | ||
| 005 | 20230927160711.0 | ||
| 008 | 230920t2014 ||||| |||| 00| 0 eng d | ||
| 999 | |c 441817 |d 441815 | ||
| 020 | |a 978-958-625-778-7 | ||
| 040 | |c Pontificia Universidad Católica de Valparaíso | ||
| 082 | |2 22 |a 378.0712 CON 2014 | ||
| 110 | |9 884500 |a Consejo Episcopal Latinoamericano (CELAM) |e autor | ||
| 245 | |a La universidad católica hoy. |b A los 25 años de la Ex Corde Ecclesiae. | ||
| 260 | |a Bogotá, D.C., Colombia: |b Departamento de Cultura y Educación; |b Consejo Episcopal Latinoamericano (CELAM), |c 2014. | ||
| 300 | |a 350 páginas. | ||
| 490 | |a Colección Documentos CELAM, |n 180. | ||
| 500 | |a c.1 Donación Sr. Jorge Precht Pizarro. 26-05-23. Biblioteca Teología. | ||
| 583 | |c 20230920 |k Yessy Sthefany Diaz Vidal | ||
| 650 | 0 | |9 309230 |a Universidades católicas |v Documentos pontificios |z América Latina | |
| 650 | 0 | |9 308272 |a Educación Católica |v Constitución apostólica |x Educación superior |z Latinoamérica | |
| 942 | |2 ddc |c BK | ||
| 952 | |0 0 |1 0 |2 ddc |4 0 |6 378_071200000000000_CON_2014 |7 0 |8 A |9 591603 |a BIBTEO |b BIBTEO |d 2023-09-20 |e Donación |i 5658666 |o 378.0712 CON 2014 |p 5658666 |r 2025-01-17 |t 1 |w 2023-09-20 |y BK |k ICR | ||